000 00865cam a2200217 i 4500
005 20251113111512.0
008 250721s2009 jo gr 000 0 ara d
041 1 _aara
_heng
082 1 4 _a193
_bن ي ت
100 1 _aنيتشه، فريدريك
_eمؤلف.
245 1 0 _aهكذا تكلم زرادشت للمجتمع لا للفرد /
_cالفيلسوف الألماني فريدريك نيتشه ؛ ترجمة فليكس فارس ؛ مراجعة عيسى الحسن.
250 _aالطبعة الأولى.
264 3 1 _aعمان :
_bالأهلية للنشر و التوزيع،
_c2009.
300 _a327 صفحة.
650 1 7 _aالفلاسفة.
650 1 7 _aالفلسفة الالمانية.
700 1 _aفارس، فليكس
_eمترجم.
700 1 _aالحسن، عيسى
_eمراجع.
942 _2ddc
_cBK
999 _c117521
_d117521